| 000 | 00818nas0a22002051i 4500 | ||
|---|---|---|---|
| 001 | v19\rc\2082798 | ||
| 005 | 20240723124659.0 | ||
| 035 | _a(NLR Aleph) 005153265 | ||
| 090 |
_a4921808 _c4921808 |
||
| 100 | _a20081218b19121917|||y0rusy50 ca | ||
| 101 | 0 | _arus | |
| 102 | _aRU | ||
| 105 | _ay z ||||| | ||
| 200 | 1 |
_aВестник мелкого кредита _eЕженед. журн. _fУпр. по делам мелкого кредита. Г. [1]-6 |
|
| 210 |
_aСанкт-Петербург _d1912-1917 |
||
| 801 | 0 |
_aRU _bNLR _gpsbo |
|
| 801 | 1 |
_aRU _bProSoft-M _2rusmarc |
|
| 830 | _aПеречень имеющихся в библиотеке томов, номеров, годов этого издания смотри в каталоге периодических изданий | ||
| 852 |
_aNLR _j3/450 |
||
| 942 | _cSE | ||